Диалоги о математике (Запись № 30484)

Подробности
000 -МАРКЕР
контрольное поле 01149nam a2200277 c 4500
001 - КОНТРОЛЬНЫЙ НОМЕР ЗАПИСИ
контрольное поле 000030484
003 - ПРИНАДЛЕЖНОСТЬ КОНТРОЛЬНОГО НОМЕРА
контрольное поле RuMoIPM
005 - ДАТА И ВРЕМЯ ПОСЛЕДНЕЙ ТРАНЗАКЦИИ
контрольное поле 20260505140010.0
008 - ЭЛЕМЕНТЫ ДАННЫХ ФИКСИРОВАННОЙ ДЛИНЫ
контрольное поле 230210s1969 ru ||||||| |||| ||rus d
035 ## - КОНТРОЛЬНЫЙ НОМЕР СИСТЕМЫ
контрольный номер системы (RuMoBEN) 002015268
035 ## - КОНТРОЛЬНЫЙ НОМЕР СИСТЕМЫ
контрольный номер системы (ELAR retro) [2022] 000105616
040 ## - ОРГАНИЗАЦИЯ-СОЗДАТЕЛЬ ЗАПИСИ
организация-создатель исходной библиографической записи RuMoBEN
язык каталогизации rus
правила каталогизации rcr
041 0# - КОД ЯЗЫКА
код языка текста Русский
код языка оригинала и/или промежуточных переводов текста eng
044 ## - КОД СТРАНЫ ПУБЛИКАЦИИ/ИЗГОТОВЛЕНИЯ
MARC код страны публикации/изготовления Российская Федерация
080 ## - ИНДЕКС УНИВЕРСАЛЬНОЙ ДЕСЯТИЧНОЙ КЛАССИФИКАЦИИ
индекс Универсальной десятичной классификации 51(0.062)
100 1# - ИМЯ ЛИЦА КАК ОСНОВНОЙ ПОИСКОВЫЙ ПРИЗНАК
имя лица Реньи, Альфред
245 10 - ОБЛАСТЬ ЗАГЛАВИЯ И СВЕДЕНИЙ ОБ ОТВЕТСТВЕННОСТИ
заглавие Диалоги о математике
сведения об ответственности и т. д А. Реньи ; Пер. с англ. Д. Б. Гнеденко и Е. А. Масловой ; Под ред. и с предисл. Б. В. Гнеденко
260 ## - ОБЛАСТЬ ВЫХОДНЫХ ДАННЫХ
место публикации, распространения, изготовления и т. д Москва
издательство, издатель, распространитель и т. д Мир
дата издания, распространения и т. д 1969
300 ## - ОБЛАСТЬ КОЛИЧЕСТВЕННОЙ ХАРАКТЕРИСТИКИ
объём 96 с.
прочее ил., портр.
490 0# - ОБЛАСТЬ СЕРИИ
область серии В мире науки и техники
500 ## - ПРИМЕЧАНИЕ ОБЩЕГО ХАРАКТЕРА
текст примечания Пер. изд. : Dialogues on mathematics / Alfréd Rényi. - San Francisco [etc.], 1968
700 1# - ИМЯ ЛИЦА КАК ДОБАВОЧНЫЙ ПОИСКОВЫЙ ПРИЗНАК
имя лица Маслова, Е. А.
роль лица относительно произведения пер.
700 1# - ИМЯ ЛИЦА КАК ДОБАВОЧНЫЙ ПОИСКОВЫЙ ПРИЗНАК
имя лица Гнеденко Дмитрий Борисович
роль лица относительно произведения пер.
-- ред.
-- авт. предисл.
856 ## - МЕСТОНАХОЖДЕНИЕ ЭЛЕКТРОННОГО РЕСУРСА И ДОСТУП К НЕМУ
тип электронного формата PDF
унифицированный определитель ресурса (URI) <a href="http://www.vixri.ru/d/Ren'i%20Al'fred%20_Dialogi%20o%20matematike.pdf">http://www.vixri.ru/d/Ren'i%20Al'fred%20_Dialogi%20o%20matematike.pdf</a>
942 ## - ДАННЫЕ О ЗАПИСИ (KOHA)
Тип экземпляра (KOHA) Книга
Экземпляры
Статус выдачи Библиотека держатель Текущая библиотека Местонахождение Шифр хранения Тип экземпляра
  Институт прикладной математики им. М.В. Келдыша Институт прикладной математики им. М.В. Келдыша Миусская 51 / Р 39 Книга